| 000 | 00474nam a2200145 a 4500 | ||
|---|---|---|---|
| 001 | 000046702 | ||
| 005 | 20201002053046.0 | ||
| 008 | 180319s2017 dr a 000 spa d | ||
| 040 |
_aDO-SdBNP _bspa _cBNPHU |
||
| 082 | _axxx | ||
| 245 | 0 |
_aIndicadores de la oferta de identificaciones comercializables en Santo Domingo : _bacoprovi. |
|
| 260 |
_aSanto Domingo : _bOficina Nacional de EstadÃstica, _c2017. |
||
| 300 |
_a215 p. : _bil ; _c29 cm. |
||
| 590 | _aInventariado,2018/DG | ||
| 999 |
_c46191 _d46191 |
||